Name Dropping #42: Best Actress Oscars (1981-1990) - Statistics

General Stats
  • This quiz has been taken 60 times
  • The average score is 17 of 20
Answer Stats
Hint Extra Hint Answer % Correct
Geena BSA, 1988, The Accidental Tourist Davis
100%
Whoopi BSA, 1990, Ghost Goldberg
100%
Meryl BA, 1982, Sophie’s Choice Streep
100%
Sally BA, 1984, Places in the Heart Field
98%
Jodie BA, 1988, The Accused Foster
98%
Katharine BA, 1981, On Golden Pond Hepburn
98%
Anjelica BSA, 1985, Prizzi’s Honor Huston
98%
Kathy BA, 1990, Misery Bates
96%
Shirley BA, 1983, Terms of Endearment MacLaine
96%
Cher BA, 1987, Moonstruck [no professional surname used]
90%
Olympia BSA, 1987, Moonstruck Dukakis
88%
Jessica BSA, 1982, Tootsie Lange
80%
Marlee BA, 1986, Children of a Lesser God Matlin
80%
Jessica BA, 1989, Driving Miss Daisy Tandy
80%
Dianne BSA, 1986, Hannah and Her Sisters Wiest
80%
Geraldine BA, 1985, The Trip to Bountiful Page
76%
Maureen BSA, 1981, Reds Stapleton
74%
Peggy BSA, 1984, A Passage to India Ashcroft
70%
Brenda BSA, 1989, My Left Foot Fricker
68%
Linda BSA, 1983, The Year of Living Dangerously Hunt
58%
No matching quizzes found
Score Distribution
Percent of People with Each Score
Percentile by Number Answered
Your Score History
You have not taken this quiz